[Event "Titled Tuesday intern op 25th Apr Early"]
[Site "Chess.com INT"]
[Date "2023.04.25"]
[Round "5"]
[White "Al Hosani, Omran"]
[Black "Shaik, Sumer Arsh"]
[Result "1-0"]
[WhiteElo "2270"]
[BlackElo "2211"]
[PlyCount "153"]
[EventDate "2023.04.25"]
[EventType "swiss (blitz)"]
[EventRounds "11"]
[EventCountry "USA"]
[SourceTitle "EXT 2024"]
[Source "ChessBase"]
[SourceDate "2023.10.10"]
[SourceVersion "1"]
[SourceVersionDate "2023.10.10"]
[SourceQuality "1"]

1. d4 Nf6 2. c4 e6 3. Nc3 Bb4 4. a3 Bxc3+ 5. bxc3 c5 6. f3 0-0 7. e4 Nc6 8. e5 Ne8 9. f4 d6 10. dxc5 dxe5 11. Qxd8 Nxd8 12. fxe5 Nc6 13. Nf3 Bd7 14. Be3 Nc7 15. Be2 Ne7 16. 0-0 Ng6 17. Rfd1 Bc6 18. Bd4 Nf4 19. Kf2 Na6 20. Bf1 Rac8 21. g3 Bxf3 22. Kxf3 Ng6 23. Rab1 Nxc5 24. Bxc5 Rxc5 25. Rxb7 Nxe5+ 26. Ke3 Nxc4+ 27. Bxc4 Rxc4 28. Rxa7 Rxc3+ 29. Rd3 Rc2 30. h4 h5 31. a4 Ra2 32. Rdd7 g6 33. a5 Kg7 34. a6 Ra3+ 35. Kf4 Kf6 36. Rdb7 e5+ 37. Ke4 Rxg3 38. Rb6+ Kg7 39. Kxe5 Re8+ 40. Kf4 Rg4+ 41. Kf3 Ree4 42. Rd7 Rgf4+ 43. Kg3 Rg4+ 44. Kf3 Ra4 45. a7 Rxh4 46. Rbb7 Rhc4 47. Rxf7+ Kh6 48. Ke3 Rc3+ 49. Kd2 Rca3 50. Kc2 h4 51. Rh7+ Kg5 52. Rb5+ Kg4 53. a8Q Rxa8 54. Rb4+ Kg5 55. Rhxh4 Rc8+ 56. Kb2 Rg3 57. Rh7 Rf8 58. Rb5+ Rf5 59. Rb3 Rf2+ 60. Ka3 Rxb3+ 61. Kxb3 Kg4 62. Kc3 Re2 63. Kd3 Re8 64. Rh1 g5 65. Rg1+ Kf4 66. Rf1+ Kg3 67. Rg1+ Kh4 68. Rh1+ Kg4 69. Rg1+ Kh5 70. Rh1+ Kg6 71. Rg1 Re5 72. Kd2 Re4 73. Re1 Rf4 74. Ke3 g4 75. Kxf4 Kf6 76. Kxg4 Kg6 77. Re6+ 1-0

[Event "Titled Tuesday intern op 25th Apr Early"]
[Site "Chess.com INT"]
[Date "2023.04.25"]
[Round "3"]
[White "Goldin, Alexander"]
[Black "Shaik, Sumer Arsh"]
[Result "1-0"]
[WhiteElo "2542"]
[BlackElo "2211"]
[PlyCount "123"]
[EventDate "2023.04.25"]
[EventType "swiss (blitz)"]
[EventRounds "11"]
[EventCountry "USA"]
[SourceTitle "EXT 2024"]
[Source "ChessBase"]
[SourceDate "2023.10.10"]
[SourceVersion "1"]
[SourceVersionDate "2023.10.10"]
[SourceQuality "1"]

1. d4 Nf6 2. Nf3 d5 3. c4 e6 4. Nc3 Bb4 5. Qb3 c5 6. cxd5 Qxd5 7. Qxd5 Nxd5 8. Bd2 cxd4 9. Nxd5 Bxd2+ 10. Kxd2 exd5 11. Nxd4 Nc6 12. Nb3 b6 13. e3 0-0 14. Rc1 Ne5 15. Nd4 Bd7 16. Ba6 Rae8 17. Rc7 Bf5 18. f3 Bc8 19. Bb5 Rd8 20. Rxa7 Bd7 21. Bxd7 Rxd7 22. Rxd7 Nxd7 23. Rc1 Ne5 24. b3 g6 25. a4 h5 26. h4 Nd7 27. Rc7 Nc5 28. Rc6 Rb8 29. Rd6 Kf8 30. Rxd5 Ke7 31. Nc6+ Ke6 32. Re5+ Kd6 33. Nxb8 Kxe5 34. Kc3 Kd5 35. Kb4 f5 36. Kb5 Nxb3 37. Kxb6 Nd2 38. a5 Nc4+ 39. Kb5 Nxa5 40. Kxa5 Ke5 41. Nc6+ Kd5 42. Ne7+ Ke6 43. Nxg6 Kf6 44. Nf4 Ke5 45. Nxh5 Ke6 46. Nf4+ Kf6 47. h5 Kg5 48. Kb5 Kh6 49. Kc5 Kg5 50. Kd5 Kf6 51. Kd6 Kg5 52. Ke5 Kh4 53. Kxf5 Kg3 54. h6 Kh2 55. h7 Kg1 56. h8Q Kf2 57. e4 Kg1 58. e5 Kf2 59. e6 Kg1 60. e7 Kf1 61. e8Q Kg1 62. Qe1# 1-0

[Event "Rilton Cup 50th"]
[Site "Stockholm"]
[Date "2023.01.04"]
[Round "8"]
[White "Harshad, S."]
[Black "Shaik, Sumer Arsh"]
[Result "1-0"]
[WhiteElo "2202"]
[BlackElo "2290"]
[PlyCount "113"]
[EventDate "2022.12.27"]
[EventType "swiss"]
[EventRounds "9"]
[EventCountry "SWE"]
[SourceTitle "CBM 212 Extra"]
[Source "ChessBase"]
[SourceDate "2023.03.31"]
[SourceVersion "1"]
[SourceVersionDate "2023.03.31"]
[SourceQuality "1"]

1. e4 e5 2. Nf3 Nc6 3. Bb5 a6 4. Ba4 Nf6 5. 0-0 b5 6. Bb3 Bc5 7. c3 d6 8. a4 Rb8 9. d4 Bb6 10. a5 Ba7 11. h3 Bb7 12. Be3 Nxe4 13. d5 Bxe3 14. dxc6 Nxf2 15. Qe2 Nxh3+ 16. Kh1 Nf2+ 17. Rxf2 Bxf2 18. Qxf2 Bxc6 19. Nxe5 Bxg2+ 20. Kg1 0-0 21. Nxf7 Qe7 22. Kxg2 Rxf7 23. Qxf7+ Qxf7 24. Bxf7+ Kxf7 25. Nd2 Re8 26. Rf1+ Kg6 27. Kf2 h5 28. Rg1+ Kf6 29. Kf3 g6 30. Ne4+ Kg7 31. Nf2 Kh6 32. Nd3 c5 33. Rd1 Rf8+ 34. Kg3 Rf6 35. Nf2 Re6 36. Kf3 Rf6+ 37. Ke3 g5 38. Ne4 Rf5 39. Rxd6+ Kg7 40. Rxa6 h4 41. Nf2 Re5+ 42. Kf3 Rf5+ 43. Kg2 Rf4 44. Rb6 g4 45. Rxb5 g3 46. Nh3 Re4 47. Ng1 Rf4 48. Nf3 Re4 49. Nxh4 Rxh4 50. Kxg3 Rc4 51. Kf3 Kf6 52. Ke3 Ke6 53. Kd3 Kd5 54. b4 Rh4 55. Rxc5+ Kd6 56. Kc2 Rh2+ 57. Kb3 1-0

[Event "Rilton Cup 50th"]
[Site "Stockholm"]
[Date "2023.01.03"]
[Round "7"]
[White "Shaik, Sumer Arsh"]
[Black "Acikel, Mert"]
[Result "1-0"]
[WhiteElo "2290"]
[BlackElo "2234"]
[PlyCount "57"]
[EventDate "2022.12.27"]
[EventType "swiss"]
[EventRounds "9"]
[EventCountry "SWE"]
[SourceTitle "CBM 212 Extra"]
[Source "ChessBase"]
[SourceDate "2023.03.31"]
[SourceVersion "1"]
[SourceVersionDate "2023.03.31"]
[SourceQuality "1"]

1. d4 d5 2. Nc3 Nf6 3. Bf4 a6 4. e3 e6 5. g4 c5 6. g5 Nfd7 7. Qg4 Nc6 8. 0-0-0 Be7 9. Qg3 Qb6 10. Nge2 Qa7 11. Bg2 cxd4 12. exd4 b5 13. Rhe1 Nb6 14. Bc7 0-0 15. Bxb6 Qxb6 16. Nf4 Ra7 17. Nh5 Qd8 18. h4 Bd7 19. Kb1 a5 20. Nxb5 Rb7 21. a4 Nb4 22. Qe5 f6 23. gxf6 Bxf6 24. Nxf6+ Qxf6 25. Bh3 Rb6 26. Qc7 Qxf2 27. Rf1 Qe2 28. Rxf8+ Kxf8 29. Qd8+ 1-0